| Tag |
First Indicator |
Second Indicator |
Subfields |
| LEADER |
00000cam a2200000 a 4500 |
| 001 |
in00000011555 |
| 005 |
20151007052106.0 |
| 008 |
870722s1910 fr b 00010 ger |
| 010 |
|
|
|a 86156530
|
| 035 |
|
|
|a (OCoLC)16466314
|
| 035 |
|
|
|9 AAA6241AM
|
| 040 |
|
|
|a DLC
|c DLC
|d UtOrBLW
|
| 049 |
|
|
|a TXAM
|c [A12575000]
|
| 050 |
0 |
0 |
|a PJ3003
|b .N64 1910
|
| 100 |
1 |
|
|a Nöldeke, Theodor,
|d 1836-1930.
|
| 240 |
1 |
0 |
|a Beiträge zur semitischen Sprachwissenschaft
|
| 245 |
1 |
0 |
|a Neue Beiträge zur semitischen Sprachwissenschaft /
|c von Theodor Nöldeke.
|
| 264 |
|
1 |
|a Strassburg :
|b K.J. Trübner,
|c 1910.
|
| 300 |
|
|
|a viii, 240 pages ;
|c 26 cm.
|
| 336 |
|
|
|a text
|b txt
|2 rdacontent
|
| 337 |
|
|
|a unmediated
|b n
|2 rdamedia
|
| 338 |
|
|
|a volume
|b nc
|2 rdacarrier
|
| 504 |
|
|
|a Includes bibliographical references.
|
| 650 |
|
0 |
|a Semitic languages.
|
| 999 |
|
|
|a MARS
|
| 999 |
f |
f |
|s f08623e2-bc6b-32da-86ba-159160a1ae33
|i c5530844-7139-3e2c-80ab-114d74464d4a
|t 0
|
| 952 |
f |
f |
|p ric
|a Texas A&M University
|b Rellis Campus
|c Joint Library Facility
|s JLF
|d Remote Storage
|t 0
|e PJ3003 .N64 1910
|h Library of Congress classification
|i unmediated -- volume
|m A14812575000
|
| 998 |
f |
f |
|a PJ3003 .N64 1910
|t 0
|l Remote Storage
|